Regional economic outlook Asia and Pacific

Guardado en:
Detalles Bibliográficos
Formato: Libro
Lenguaje:inglés
Publicado: Washington, D.C. International Monetary Fund 2009
Colección:World economic and financial surveys
Materias:
Etiquetas: Agregar Etiqueta
Sin Etiquetas, Sea el primero en etiquetar este registro!

MARC

LEADER 00000nam$a2200000$$$4500
001 0107610
005 20240315115643.8
020 |a 978-1-58906-856-8 
041 0 |a eng 
044 |a US 
245 1 0 |a Regional economic outlook  |b Asia and Pacific 
264 1 |a Washington, D.C.  |b International Monetary Fund  |c 2009 
300 |a x, 73 s. 
490 1 |a World economic and financial surveys 
830 0 |a World economic and financial surveys 
610 2 0 |a situácia hospodárska 
610 2 0 |a politika hospodárska 
610 2 0 |a stabilita finančná 
610 2 0 |a kríza finančná 
610 2 0 |a prognózy hospodárske 
610 2 0 |a Japonsko 
610 2 0 |a Ázia 
610 2 0 |a Tichomorie